Football: nom des joueurs (21ème siècle) - Statistiques

Statistiques générales
  • Ce quiz a été pris 243 fois
  • Le résultat moyen est 44 sur 50
Statistiques - réponses
Par images Réponse % Correct
Cristiano Ronaldo
99%
Kylian Mbappé
99%
Angel Di Maria
98%
Kevin De Bruyne
98%
Lamine Yamal
98%
Lionel Messi
98%
Mohamed Salah
98%
Erling Haaland
97%
Hugo Lloris
97%
Marcus Rashford
97%
Neymar
97%
Thibaut Courtois
97%
Heung-Min Son
96%
Toni Kroos
96%
Randal Kolo Muani
95%
Sadio Mané
95%
Lautaro Martinez
94%
Arturo Vidal
92%
Joshua Kimmich
92%
Martin Odegaard
90%
Alexis Sanchez
89%
Gavi
89%
Jadon Sancho
89%
Christopher Nkunku
88%
Coutinho
88%
James Rodriguez
88%
Marc-andre Ter Stegen
88%
Raheem Sterling
88%
Andrea Pirlo
86%
Declan Rice
86%
Ruben Dias
85%
Christian Eriksen
84%
Bruno Fernandez
83%
Joao Cancelo
83%
Philipp Lahm
83%
Wesley Fofana
83%
Diego Costa
82%
Mario Götze
82%
Niklas Süle
81%
Sandro Tonali
80%
Gonzalo Higuain
79%
Leon Goretzka
79%
Lorenzo Insigne
77%
Yannick Carrasco
77%
Diego Godin
74%
Guillermo Ochoa
74%
Oscar
73%
Sami Khedira
72%
Willian
70%
Ezequiel Lavezzi
68%
Aucun quiz correspondant
Distribution des résultats
% des personnes avec chaque résultat
Percentile par nombre de réponses
Votre historique - résultats
Vous n’avez pas pris ce quiz